000 00576cam a22001451 4500
082 _a305.89581
_bBEL
100 1 _aBellew, H[enry] W[alter],
_949698
245 0 4 _aThe races of Afghanistan :
_bbeing a brief account of the principal nations inhabiting that country /
_cby Surgeon-Major H.W. Bellew ...
260 _aCalcutta :
_bThacker, Spink, and co. ;
_aLondon :
_bW. Thacker and co. [etc.],
_c1880.
300 _a1 p.l., [5]-124 p. ;
_c23 cm.
526 _a0
_b0
_c0
_d305_895810000000000_BEL
650 0 _aEthnology
_zAfghanistan.
_94712
650 0 _aMCE
_9379
942 _2ddc
_cBK
999 _c552477
_d552477